Owen D. Young and American enterprise : a biography /

Bibliographic Details
Main Author: Case, Josephine Young, 1907-1990
Other Authors: Case, Everett Needham
Format: Book
Language:English
Published: Boston : D.R. Godine, 1982.
Subjects:

MARC

Tag First Indicator Second Indicator Subfields
LEADER 00000cam a22000008a 4500
001 in00000087666
005 20151008064918.0
008 801117s1982 mauacf b 00110bengm
010 |a  80083945  
020 |a 0879233605 :  |c $25.00 (est.) 
035 |a (OCoLC)07177935 
035 |9 AAK5023AM 
040 |a DLC  |c DLC  |d m.c.  |d TXA  |d UtOrBLW 
043 |a n-us--- 
049 |a TXAM  |c [1442973] 
050 0 0 |a HD9971.5.E542  |b Y683 
082 0 |a 338.7/6213/0924  |a B  |2 19 
100 1 |a Case, Josephine Young,  |d 1907-1990. 
245 1 0 |a Owen D. Young and American enterprise :  |b a biography /  |c  Josephine Young Case, Everett Needham Case. 
263 |a 8105 
264 1 |a Boston :  |b D.R. Godine,  |c 1982. 
300 |a 964 pages, 24 unnumbered pages of plates :  |b illustrations, portraits ;  |c 24 cm. 
336 |a text  |b txt  |2 rdacontent 
337 |a unmediated  |b n  |2 rdamedia 
338 |a volume  |b nc  |2 rdacarrier 
504 |a Includes bibliographical references and index. 
600 1 0 |a Young, Owen D.,  |d 1874-1962. 
650 0 |a Household appliances, Electric  |z United States  |x History. 
650 0 |a Businessmen  |z United States  |v Biography. 
700 1 |a Case, Everett Needham. 
999 |a MARS 
999 f f |s 6a12cd7a-3efe-372e-8b1f-dd6eee0b4498  |i 048fca08-f66d-3ecb-9848-3128c37cb0d3  |t 0 
952 f f |p ric  |a Texas A&M University  |b Rellis Campus  |c Joint Library Facility  |d Remote Storage  |t 0  |e HD9971.5.E542 Y683  |h Library of Congress classification  |i unmediated -- volume  |m A14806132357 
998 f f |a HD9971.5.E542 Y683  |t 0  |l Remote Storage